|
|
|
|
| LEADER |
00947nam a2200277 4500 |
| 001 |
DLU180187130 |
| 005 |
##20180918 |
| 040 |
# |
# |
|a DLU
|b vie
|
| 041 |
# |
# |
|a vie
|
| 044 |
# |
# |
|a vn
|
| 100 |
# |
# |
|a Ngô Thị Thu Hương,
|c TS.
|
| 245 |
# |
# |
|a Một số biện pháp cải thiện chất lượng dạy và học môn tiếng Anh cho học sinh bậc trung học cơ sở hiện nay /
|c Ngô Thị Thu Hương, Nguyễn Tiến Khang.
|
| 653 |
# |
# |
|a Cải thiện chất lượng
|
| 653 |
# |
# |
|a Dạy và học
|
| 653 |
# |
# |
|a Môn tiếng Anh
|
| 700 |
# |
# |
|a Nguyễn Tiến Khang,
|c ThS.
|
| 773 |
# |
# |
|t Tạp chí dạy và học ngày nay
|g Số 6, 2016, tr. 29-30
|
| 920 |
# |
# |
|a Phòng Tạp chí -- Trung tâm Thông tin - Thư viện Trường Đại học Đà Lạt
|
| 994 |
# |
# |
|a DLU
|
| 900 |
# |
# |
|a True
|
| 911 |
# |
# |
|a Trần Thị Minh Hương
|
| 925 |
# |
# |
|a G
|
| 926 |
# |
# |
|a A
|
| 927 |
# |
# |
|a BB
|
| 980 |
# |
# |
|a Thư viện Trường Đại học Đà Lạt
|